| 000 | 01874cam a22003734a 4500 | ||
|---|---|---|---|
| 001 | 13595986 | ||
| 003 | OSt | ||
| 005 | 20160910152756.0 | ||
| 008 | 040514s2005 paua b 001 0 eng | ||
| 010 | _a 2004011366 | ||
| 020 | _a0-7817-4505-5 (alk. paper) | ||
| 035 | _a(DNLM)101217326 | ||
| 040 |
_aDNLM/DLC _cDLC _dDLC |
||
| 042 | _apcc | ||
| 050 | 0 | 0 |
_aRT98 _b.H86 2005 |
| 060 | 1 | 0 |
_aWY 106 _bH946i 2005 |
| 082 | 0 | 0 |
_aDC 610.7343 _22005 _bH91i |
| 100 | 1 | _aHunt, Roberta. | |
| 245 | 1 | 0 |
_aIntroduction to community-based nursing / _cRoberta Hunt. |
| 246 | 3 | 0 | _aCommunity-based nursing |
| 250 | _aThird Edition | ||
| 260 |
_aPhiladelphia : _bLippincott Williams & Wilkins, _cc2005. |
||
| 300 |
_axvi, 472 pages : _billustrations ; _c24 cm. |
||
| 365 |
_b2,295.00 _cPhp |
||
| 504 | _aIncludes bibliographical references and index. | ||
| 505 | 0 | _aOverview of community-based nursing -- Health promotion and disease prevention -- Culture care -- Family care -- Assessment: individual, family, and community -- Client teaching -- Case management -- Continuity of care -- Health promotion and disease prevention for maternal/infant populations, children, and adolescents -- Health promotion and disease prevention for adults -- Health promotion and disease prevention for elderly adults -- | |
| 505 | 0 | _aPractice settings and specialities -- Home health care nursing -- Specialized home health care nursing -- Mental health nursing in community-based settings -- Trends in community-based nursing. | |
| 650 | 0 | _aCommunity health nursing. | |
| 650 | 1 | 2 | _aCommunity Health Nursing. |
| 856 | 4 | 2 |
_3Publisher description _uhttp://www.loc.gov/catdir/enhancements/fy0712/2004011366-d.html |
| 906 |
_a7 _bcbc _corignew _d1 _eecip _f20 _gy-gencatlg |
||
| 942 |
_2ddc _cDC |
||
| 999 |
_c4473 _d4473 |
||